Statistics for DragonBall Z Goku quiz

Click here to take the quiz!

General Stats

  • This quiz has been taken 2,272 times
  • The average score is 11 of 15

Answer Stats

HintAnswer% Correct
Who is Goku's oldest son?Gohan
98%
Who did Goku end up marrying at the 23rd Tenkaichi Budokai?Chi Chi
95%
Who is Goku fighting when he first becomes a Super Saiyan?Freeza
95%
What race is Goku from?Saiya-jin
94%
Who is Goku's best friend?Krillin
92%
What is Goku's original birth name?Kakorotto
91%
Who trains Goku for the first martial arts tournament he competes in?Muten Roshi
91%
Who is the first person that Goku meets in the series?Bulma
85%
In the anime series, what is the color of Goku's gi when we first meet him?Light Blue
83%
Who was Goku's archrival at the end of Dragon Ball?Piccolo
78%
What's the name of the Fusion that Goku creates with Vegeta in the Buu Arc?Vegito
76%
What does Goku die from in Trunks's time line?Heart Virus
50%
Where was Goku when he first learns to transform into a Super Saiyan 3?The Other World
42%
Who is Goku fighting when he first transforms into a Super Saiyan 4?Baby Vegeta
38%
Who is Goku fighting when he first shows his ability to transform into a Super Saiyan 2?Yakon
15%

Score Distribution

Percentile by Number Answered

Percent of People with Each Score

Your Score History

You have not taken this quiz